| 000 | 00513nam a2200193Ia 4500 | ||
|---|---|---|---|
| 001 | 242 | ||
| 005 | 20251205092439.0 | ||
| 008 | 251203t1949||||xx |||||||||||||| ||spa|| | ||
| 041 | _aESP | ||
| 082 |
_a869.56 _bA71 |
||
| 100 |
_aArguedas, José María, _cAUT |
||
| 245 | 0 | _aCanciones y cuentos del pueblo quechua | |
| 260 |
_aLima : _bEditorial Huascarán, _c1949 |
||
| 300 |
_a163 páginas : _b _c 21 cm. |
||
| 650 | _aLYR | ||
| 653 | _aLiteratura peruana - Siglo XX | ||
| 654 | _aCTP | ||
| 942 |
_cLIB _dJUS _fMAT _2ddc |
||
| 999 |
_c242 _d242 |
||